<?xml version="1.0" encoding="UTF-8"?>
<collection xmlns="http://www.loc.gov/MARC21/slim">
 <record>
  <leader>01246cam a2200241 7i4500</leader>
  <controlfield tag="001">0000107396</controlfield>
  <controlfield tag="005">20131202090000.0</controlfield>
  <controlfield tag="008">131202s1988        ohua    v           eng   </controlfield>
  <datafield tag="020" ind1="0" ind2="0">
   <subfield code="a">22BB6455 (9780871709516) </subfield>
  </datafield>
  <datafield tag="090" ind1="0" ind2="0">
   <subfield code="a">TA 462 </subfield>
   <subfield code="b">.C6 1987</subfield>
  </datafield>
  <datafield tag="245" ind1="0" ind2="0">
   <subfield code="a">Corrosion : </subfield>
   <subfield code="b">corrosion testing and monitoring.</subfield>
  </datafield>
  <datafield tag="260" ind1="0" ind2="0">
   <subfield code="a">Ohio: </subfield>
   <subfield code="b">ASM International, </subfield>
   <subfield code="c">1987 (remastered 2007).</subfield>
  </datafield>
  <datafield tag="300" ind1=" " ind2=" ">
   <subfield code="a">1 videodisc (62 min.): </subfield>
   <subfield code="b">sd., col.; </subfield>
   <subfield code="c">4 3/4 in..</subfield>
  </datafield>
  <datafield tag="508" ind1=" " ind2=" ">
   <subfield code="a">Produced in cooperation with National Association of Corrosion Engineers</subfield>
  </datafield>
  <datafield tag="511" ind1="0" ind2="0">
   <subfield code="a">Joe H. Payer, instructor</subfield>
  </datafield>
  <datafield tag="520" ind1="0" ind2="0">
   <subfield code="a">Corrosion can be predicted, controlled, and even avoided. This course emphasizes practical applications of corrosion technology to solve industrial corrosion problems ; how to recognize and define corrosion problems ; how to develop and implement control programs ; and how to correctly apply corrosion test methods and interpret results.</subfield>
  </datafield>
  <datafield tag="538" ind1="0" ind2="0">
   <subfield code="a">DVD</subfield>
  </datafield>
  <datafield tag="590" ind1=" " ind2=" ">
   <subfield code="a">Fakulti Pengajian Maritim &amp; Sains Marin, FMSM</subfield>
  </datafield>
  <datafield tag="650" ind1="0" ind2="0">
   <subfield code="a">Corrosion and anti-corrosives </subfield>
  </datafield>
  <datafield tag="650" ind1="0" ind2="0">
   <subfield code="a">Protective coatings </subfield>
  </datafield>
  <datafield tag="700" ind1="1" ind2="1">
   <subfield code="a">Payer, Joe H. </subfield>
  </datafield>
  <datafield tag="710" ind1="2" ind2="1">
   <subfield code="a">national Association of Corrosion Engineers </subfield>
  </datafield>
  <datafield tag="999" ind1=" " ind2=" ">
   <subfield code="a">1100090703</subfield>
   <subfield code="b">Digital Video Disc</subfield>
   <subfield code="c">Bahan Sumber Media</subfield>
   <subfield code="e">RAK PAMERAN (BSM/CD/DVD)</subfield>
  </datafield>
 </record>
</collection>
